[Event "EUchT qual"]
[Site "Luzern"]
[Date "1982.??.??"]
[Round "3"]
[White "Hecht, Hans Joachim"]
[Black "Gutman, Lev"]
[Result "1/2-1/2"]
[WhiteElo "2460"]
[BlackElo "2450"]

1.e4 c5 2.Nf3 d6 3.Bb5+ Nc6 4.O-O Bd7 5.Re1 Nf6 6.c3 a6 7.Bf1 Bg4 8.h3 Bh5
9.d3 e6 10.Nbd2 d5 11.g4 Bg6 12.Nh4 dxe4 13.Nxg6 hxg6 14.dxe4 Qc7 15.Nf3 Bd6
16.Qe2 Nd7 17.Be3 Bf4 18.Bxf4 Qxf4 19.e5 O-O 20.Rad1 Rad8 21.Rd3 Nb6 22.Re3 Qa4
23.a3 Rd5 24.Re4 Qb3 25.Ng5 Nd7 26.f4 Rd8 27.Qf2 Rd1 28.Rxd1 Qxd1 29.Re1 Qb3
30.Ne4 Ne7 31.Nd6 Qb6 32.Bg2 Nc6 33.b4 Qc7 34.Rd1 g5 35.Bxc6 Qxc6 36.Qg2 Nb8
37.fxg5 Qxg2+ 38.Kxg2 cxb4 39.axb4 Nc6 40.Re1 Nxe5 41.Rxe5 Rxd6 42.Rc5  1/2-1/2

[Event "Luzern ol (Men)"]
[Site "Luzern"]
[Date "1982.??.??"]
[Round "4"]
[White "Rogers, Ian"]
[Black "Sunye Neto, Jaime"]
[Result "0-1"]
[WhiteElo "2365"]
[BlackElo "2500"]

1.e4 c5 2.Nf3 d6 3.Bb5+ Nd7 4.d4 Nf6 5.Nc3 a6 6.Bxd7+ Nxd7 7.O-O e6 8.Bg5 f6
9.Be3 Be7 10.d5 e5 11.Nh4 g6 12.f4 exf4 13.Bxf4 O-O 14.Qg4 Ne5 15.Qg3 Rf7
16.Nd1 Rg7 17.Nf3 Nf7 18.Bd2 Bd7 19.Ne3 h5 20.Kh1 b5 21.c3 Kh7 22.b4 a5 23.a3 Rc8
24.Rac1 Qb6 25.Qh4 Re8 26.Nf5 gxf5 27.Qxh5+ Kg8 28.exf5 Qb7 29.Nh4 Qxd5 30.Rcd1 Bc6
31.Bh6 Qxg2+ 32.Nxg2 Bxg2+ 33.Kg1 Bf3+ 34.Qg6 Rxg6+ 35.fxg6 Bxd1 36.gxf7+ Kxf7
37.Rxd1 cxb4 38.axb4 axb4 39.cxb4 Rg8+ 40.Kf2 Rg4 41.Kf3 Rxb4 42.Bf4 Rb3+
43.Kg4 Kg6 44.Rd5 Rb1 45.Bg3 b4 46.h4 b3 47.Rb5 b2 48.h5+ Kf7 49.Bf2 Ke6  0-1

[Event "EUchT qual"]
[Site "Luzern"]
[Date "1982.??.??"]
[Round "4"]
[White "Keller, Dieter"]
[Black "Gutman, Lev"]
[Result "0-1"]
[WhiteElo "2410"]
[BlackElo "2450"]

1.e4 c5 2.Nf3 d6 3.Bb5+ Nc6 4.O-O Bd7 5.Re1 Nf6 6.c3 a6 7.Bxc6 Bxc6 8.d4 Bxe4
9.Bg5 Bd5 10.Nbd2 e6 11.c4 Bxf3 12.Qxf3 cxd4 13.Qxb7 Qc8 14.Qf3 Be7 15.Nb3 h6
16.Bf4 Ra7 17.Nxd4 Rc7 18.Bd2 Rxc4 19.Rac1 d5 20.b3 Rxc1 21.Rxc1 Qa8 22.Qe2 Ne4
23.Be3 O-O 24.f3 Nf6 25.Rc6 a5 26.Ra6 Qb7 27.Rxa5 Rc8 28.Rb5 Qd7 29.Qd3 Ne8
30.a4 Bd8 31.Nc2 Nd6 32.Rc5 Rb8 33.Nd4 Bb6 34.Rc2 Qb7 35.Bf4 Nf5 36.Be5 Rc8
37.Rxc8+ Qxc8 38.g4 f6 39.Kg2 fxe5 40.Nxf5 exf5 41.Qxd5+ Kh8 42.gxf5 Qxf5
43.a5 Qg5+ 44.Kf1 Qg1+ 45.Ke2 Qe3+ 46.Kd1 Bd4 47.Qb7 Qd3+ 48.Ke1 Bc3+ 49.Kf2 Bxa5
50.Qb8+ Bd8 51.Qxe5 Qxb3 52.Qe8+ Qg8 53.Qe2 Bf6 54.Kg2 Qb8 55.Kh3 Be5 56.Qc2 Qc7
57.Qe2 Qd7+ 58.Kg2 Qd4  0-1

[Event "Luzern ol (Men)"]
[Site "Luzern"]
[Date "1982.??.??"]
[Round "5"]
[White "Leow Leslie M"]
[Black "Hakki, Imad"]
[Result "1/2-1/2"]
[WhiteElo "2375"]
[BlackElo "2310"]

1.e4 c5 2.Nf3 d6 3.Bb5+ Nc6 4.O-O Bd7 5.Re1 Nf6 6.c3 a6 7.Bf1 Bg4 8.h3 Bxf3
9.Qxf3 g6 10.Na3 Bh6 11.Nc2 e5 12.Qd1 O-O 13.d4 Bxc1 14.Rxc1 cxd4 15.cxd4 Qb6
16.d5 Nb4 17.Qf3 Nxc2 18.Rxc2 Nd7 19.Rec1 Nc5 20.Qe3 f5 21.exf5 Rxf5 22.Be2 Raf8
23.Bg4 Rf4 24.b3 a5 25.g3 Re4 26.Qg5 Qd8 27.Qxd8 Rxd8 28.Rc4  1/2-1/2

[Event "Luzern ol (Men)"]
[Site "Luzern"]
[Date "1982.??.??"]
[Round "5"]
[White "Binham, Timothy F"]
[Black "Campos Moreno, Javier B"]
[Result "0-1"]
[WhiteElo "2345"]
[BlackElo "2395"]

1.e4 c5 2.Nf3 d6 3.Bb5+ Bd7 4.Bxd7+ Qxd7 5.O-O Nf6 6.e5 dxe5 7.Nxe5 Qc7 8.d4 e6
9.Bf4 Bd6 10.Na3 Bxe5 11.dxe5 a6 12.Nc4 O-O 13.exf6 Qxf4 14.fxg7 Kxg7 15.Nb6 Ra7
16.a4 a5 17.Ra3 Ra6 18.Rg3+ Kh8 19.Rg4 Qf6 20.Nc4 Rd8 21.Qe2 Nc6 22.c3 Raa8
23.Qe3 Qe7 24.Re1 Rd5 25.Qh6 Rg8 26.Rxg8+ Kxg8 27.Ne3 Rd8 28.h4 Ne5 29.f4 Ng6
30.g3 Qf8 31.Qg5 h6 32.Qg4 Qg7 33.h5 Ne7 34.Qxg7+ Kxg7 35.Rd1 Rxd1+ 36.Nxd1 Nd5
37.c4 Nf6 38.Nc3 Nxh5 39.Ne4 b6 40.Kf2 Nf6 41.Nd6 Kf8 42.Kf3 Ke7 43.Nb5 Ne8
44.Kg4 Nd6 45.Nxd6 Kxd6 46.Kh5 e5 47.fxe5+ Kxe5 48.Kxh6 Kd4 49.g4 Kxc4 50.Kg7 Kb3
51.Kxf7 Kxb2 52.g5 c4 53.g6 c3 54.g7 c2 55.g8=Q c1=Q 56.Qd8 Qc4+ 57.Kg7 Qc3+
58.Kh7 Qc5 59.Qd7 Kc3 60.Qe8 Qd4 61.Qc6+ Kb3 62.Qb5+ Ka3 63.Qc6 Qc5 64.Qe4 Qc7+
65.Kh6 Qd6+ 66.Kh7 Qd7+ 67.Kh6 Qxa4 68.Qe3+ Qb3 69.Qe7+ Qb4 70.Qe3+ Qb3 71.Qe7+ Qb4
72.Qe3+ Ka4 73.Qe8+ b5 74.Qe2 Qd6+ 75.Kh7 Qd7+ 76.Kh8 Qd4+ 77.Kh7 b4 78.Qa2+ Kb5
79.Qe2+ Qc4 80.Qe5+ Qc5 81.Qe8+ Kc4 82.Qa4 Kc3  0-1

[Event "Luzern ol (Men)"]
[Site "Luzern"]
[Date "1982.??.??"]
[Round "6"]
[White "Sisniega, Marcel"]
[Black "Helmers, Knut J"]
[Result "1/2-1/2"]
[WhiteElo "2420"]
[BlackElo "2425"]

1.e4 c5 2.Nf3 d6 3.Bb5+ Bd7 4.Bxd7+ Qxd7 5.O-O Nc6 6.c4 Nf6 7.Nc3 e6 8.d4 cxd4
9.Nxd4 Be7 10.b3 O-O 11.Bb2 Rfd8 12.Rc1 a6 13.Nxc6 Qxc6 14.Qe2 Rac8 15.Rfd1 Qc5
16.Kh1 Qa5 17.Na4 Rc6 18.e5 dxe5 19.Bc3 Qc7 20.Bxe5 Qa5 21.Rxd8+ Qxd8 22.Rd1 Qa5
23.h3 h6 24.Qe3 Rc8 25.Bd6 Rd8 26.c5 Ne8 27.Qf3 Nxd6 28.cxd6 Rxd6 29.Rc1 Qd5
30.Rc8+ Rd8 31.Qxd5 exd5 32.Rc7 Ba3 33.Nc5 Bxc5 34.Rxc5 d4 35.Rc2 Kf8 36.Kg1 Ke7
37.Kf1 Ke6 38.Ke1 Rd7 39.Kd2 Kd5 40.Kd3 b5 41.b4  1/2-1/2

[Event "Luzern ol (Men)"]
[Site "Luzern"]
[Date "1982.??.??"]
[Round "7"]
[White "Fries Nielsen, Jens Ove"]
[Black "Csom, Istvan"]
[Result "0-1"]
[WhiteElo "2390"]
[BlackElo "2495"]

1.e4 c5 2.Nf3 d6 3.Bb5+ Bd7 4.Bxd7+ Nxd7 5.O-O Ngf6 6.Re1 e6 7.b3 Be7 8.Bb2 Qc7
9.d4 cxd4 10.Nxd4 Nc5 11.Qf3 O-O 12.c4 Nfd7 13.Nb5 Qc6 14.Qg3 Bf6 15.Bxf6 Nxf6
16.Qxd6 Rfd8 17.Qxc6 bxc6 18.N5c3 Nfxe4 19.Nxe4 Nxe4 20.f3 Nc5 21.Nc3 Kf8
22.Re5 Nb7 23.Rae1 Rd2 24.R1e2 Rxe2 25.Rxe2 Rd8 26.Kf1 Ke7 27.f4 Rd4 28.g3 h6
29.f5 Rd3 30.Ne4 Rf3+ 31.Kg2 Rxf5 32.Rd2 Re5 33.Kf3 f5 34.Nc3 g5 35.Rd1 Nd6
36.Rd3 g4+ 37.Kg2 Re1 38.Kf2 Rc1 39.Kg2 Rc2+ 40.Kg1 Nf7  0-1

[Event "Luzern ol (Men)"]
[Site "Luzern"]
[Date "1982.??.??"]
[Round "13"]
[White "Yap, Andronico"]
[Black "Fedder, Steen"]
[Result "0-1"]
[WhiteElo "2385"]
[BlackElo "2415"]

1.e4 c5 2.Nf3 d6 3.Bb5+ Bd7 4.Bxd7+ Qxd7 5.O-O Nf6 6.e5 dxe5 7.Nxe5 Qc8 8.d4 e6
9.Nc3 Nc6 10.Nxc6 Qxc6 11.Bg5 cxd4 12.Bxf6 gxf6 13.Qxd4 Rg8 14.Qe4 Rc8 15.Rfd1 Be7
16.Rac1 f5 17.Qxc6+ Rxc6 18.Ne2 Bg5 19.f4 Bd8 20.c4 Bb6+ 21.Kf1 a5 22.Nd4 Rc8
23.Nb5 Ke7 24.Rc3 Bc5 25.Rcd3 Rgd8 26.Ke2 Rxd3 27.Rxd3 Bg1 28.Nd6 Rc6 29.Nxb7 Rxc4
30.Nxa5 Rxf4 31.Rd2 Kf6 32.h3 Ra4 33.Nc6 Rxa2 34.Kd3 Ra6 35.Rc2 e5 36.b4 e4+
37.Ke2 f4 38.b5 Ra3 39.Rc4 f3+ 40.gxf3 exf3+ 41.Kd2 Be3+  0-1

[Event "Luzern ol (Men)"]
[Site "Luzern"]
[Date "1982.??.??"]
[Round "13"]
[White "Liew, Chee Meng Jimmy"]
[Black "Hakki, Imad"]
[Result "0-1"]
[WhiteElo "2270"]
[BlackElo "2310"]

1.e4 c5 2.Nf3 d6 3.Bb5+ Nc6 4.d4 cxd4 5.Qxd4 Qd7 6.Qd3 a6 7.Bxc6 Qxc6 8.c4 b5
9.cxb5 Qxc1+ 10.Ke2 Qxh1 11.Qd5 Rb8 12.bxa6 Bxa6+ 13.Ke3 Qc1+  0-1

[Event "Minsk"]
[Site "Minsk"]
[Date "1982.??.??"]
[Round "?"]
[White "Kuzmin, Gennadi P"]
[Black "Chandler, Murray G"]
[Result "1/2-1/2"]
[WhiteElo "2545"]
[BlackElo "2470"]

1.e4 c5 2.Nf3 d6 3.Bb5+ Bd7 4.a4 Nc6 5.O-O Nf6 6.Re1 e5 7.c3 a6 8.Bf1 Be7
9.h3 O-O 10.d4 cxd4 11.cxd4 exd4 12.Nxd4 d5 13.e5 Ne4 14.Nc3 Nxf2 15.Kxf2 Bc5
16.Be3 Bxd4 17.Bxd4 Qh4+ 18.g3 Qxd4+ 19.Qxd4 Nxd4 20.Red1 Nc2 21.Rac1 Nb4
22.Rd4 a5 23.Nxd5  1/2-1/2

[Event "Pamporovo"]
[Site "Pamporovo"]
[Date "1982.??.??"]
[Round "8"]
[White "Minic, Dragoljub"]
[Black "Szekely, Peter"]
[Result "1/2-1/2"]
[WhiteElo "2400"]
[BlackElo "2430"]

1.e4 c5 2.Nf3 d6 3.Bb5+ Bd7 4.Bxd7+ Qxd7 5.O-O Nc6 6.c3 Nf6 7.Re1 e6 8.d4 cxd4
9.cxd4 d5 10.e5 Ne4 11.Nbd2 Nxd2 12.Bxd2 Be7 13.Bg5 O-O 14.Bxe7 Qxe7 15.Rc1 Rac8
16.Qd2 Qc7  1/2-1/2

[Event "Plovdiv"]
[Site "Plovdiv"]
[Date "1982.??.??"]
[Round "13"]
[White "Tringov, Georgi P"]
[Black "Bajovic, Milan"]
[Result "1/2-1/2"]
[WhiteElo "2460"]
[BlackElo "2365"]

1.e4 c5 2.Nf3 d6 3.Bb5+ Bd7 4.Bxd7+ Qxd7 5.O-O Nc6 6.c3 Nf6 7.Qe2 g6 8.d4 cxd4
9.cxd4 Bg7 10.Nc3 O-O 11.d5 Nd8 12.Be3 Ne8 13.Bd4 b6 14.Bxg7 Kxg7  1/2-1/2

[Event "POL-ch"]
[Site "POL"]
[Date "1982.??.??"]
[Round "?"]
[White "Maciejewski, Andrzej"]
[Black "Jasnikowski, Zbigniew"]
[Result "1/2-1/2"]
[WhiteElo "2370"]
[BlackElo "2395"]

1.e4 c5 2.Nf3 d6 3.Bb5+ Nc6 4.O-O Bd7 5.c3 Nf6 6.Re1 a6 7.Ba4 b5 8.Bc2 Bg4
9.d3 e6 10.Nbd2 Be7 11.h3 Bh5 12.Nf1 Ne5 13.g4 Nxf3+ 14.Qxf3 Bg6 15.a4 h5
16.Nh2 hxg4 17.hxg4 d5 18.e5 Nd7 19.axb5 axb5 20.Bf4 c4 21.Kg2 O-O 22.Qe2 d4  1/2-1/2

[Event "Smederevska Palanka"]
[Site "Smederevska Palanka"]
[Date "1982.??.??"]
[Round "7"]
[White "Barlov, Dragan"]
[Black "Rajkovic, Dusan"]
[Result "0-1"]
[WhiteElo "2405"]
[BlackElo "2460"]

1.e4 c5 2.Nf3 d6 3.Bb5+ Bd7 4.Bxd7+ Qxd7 5.O-O Nf6 6.Qe2 e6 7.c3 Nc6 8.d4 cxd4
9.cxd4 d5 10.e5 Ne4 11.Be3 Be7 12.Ne1 f6 13.f3 Ng5 14.exf6 Bxf6 15.Qd2 Nf7
16.Nc3 O-O 17.Bf2 Rac8 18.Ne2 Nd6 19.b3 Nf5 20.g4 Nd6 21.Nd3 b6 22.Rae1 g6
23.Kg2 Bg7 24.Qb2 Rce8 25.Ne5 Nxe5 26.dxe5 Nb7 27.Nd4 Nc5 28.Qd2 Rc8 29.Bg3 Nb7
30.Rc1 Rc5 31.f4 Bh6 32.Rce1 Nd8 33.Qd3 Nc6 34.Nxc6 Qxc6 35.f5 Rc2+ 36.Re2 d4+
37.Kh3 Rxe2 38.Qxe2 exf5 39.gxf5 Rxf5 40.Rxf5 gxf5 41.e6 Be3 42.e7 Kf7 43.Bh4 a6
44.Qh5+ Qg6 45.Qf3 Bg5 46.Qd5+ Kxe7 47.Qe5+ Kf8 48.Qb8+ Kg7 49.Qc7+ Kh6 50.Bxg5+ Kxg5
51.Qg3+ Kh6 52.Qf4+ Qg5 53.Qxd4 Kh5  0-1

[Event "BUL-ch playoff (Women)"]
[Site "Sofia"]
[Date "1982.??.??"]
[Round "1"]
[White "Voiska, Margarita"]
[Black "Savova, Stefka"]
[Result "1-0"]
[WhiteElo "2120"]
[BlackElo "2010"]

1.e4 c5 2.Nf3 d6 3.Bb5+ Nd7 4.c3 Nf6 5.Qe2 a6 6.Ba4 e6 7.O-O Be7 8.d4 O-O
9.Re1 b5 10.Bc2 cxd4 11.cxd4 e5 12.Nbd2 Qc7 13.Nf1 Nb6 14.h3 Bb7 15.Ng3 g6
16.Bh6 Rfe8 17.Rac1 Bf8 18.Bxf8 Rxf8 19.Bb3 Qe7 20.dxe5 dxe5 21.Qe3 Nc4 22.Bxc4 bxc4
23.Rxc4 Rac8 24.Rec1 Qd6 25.Rxc8 Rxc8 26.Rxc8+ Bxc8 27.Qc3 Be6 28.a3 Nd7
29.Qd2 Qc6 30.Qe3 Qb5 31.Qc3 f6 32.b4 Qa4 33.Kh2 Kf7 34.Nd2 Qd1 35.Ndf1 Qb1
36.Ne3 Qa2 37.f3 Ke7 38.Ngf1 Nb6 39.Qc5+  1-0

[Event "BUL-ch"]
[Site "Sofia"]
[Date "1982.??.??"]
[Round "5"]
[White "Donchev, Dimitar I"]
[Black "Georgiev, Krum"]
[Result "1/2-1/2"]
[WhiteElo "2430"]
[BlackElo "2450"]

1.e4 c5 2.Nf3 d6 3.Bb5+ Nd7 4.O-O Nf6 5.Re1 e6 6.d4 cxd4 7.Qxd4 Be7 8.Nc3 O-O
9.Bg5 Qc7 10.Rad1 Rd8 11.Bxd7 Bxd7 12.e5 dxe5 13.Qxe5 Rac8 14.Qxc7 Rxc7 15.Ne5 Kf8
16.Nxd7+ Rcxd7 17.Rxd7 Rxd7 18.Rd1 Rxd1+  1/2-1/2

[Event "BUL-ch"]
[Site "Sofia"]
[Date "1982.??.??"]
[Round "7"]
[White "Spiridonov, Nikola"]
[Black "Georgiev, Krum"]
[Result "1/2-1/2"]
[WhiteElo "2440"]
[BlackElo "2450"]

1.e4 c5 2.Nf3 d6 3.Bb5+ Bd7 4.Bxd7+ Qxd7 5.c4 e5 6.Nc3 Ne7 7.O-O g6 8.d3 Bg7
9.Ne1 O-O 10.Nc2 Nbc6 11.Ne3 f5  1/2-1/2

[Event "BUL-ch (Women)"]
[Site "Sofia"]
[Date "1982.??.??"]
[Round "7"]
[White "Savova, Stefka"]
[Black "Nestorova Petrova, Lozanka"]
[Result "1/2-1/2"]
[WhiteElo "2010"]
[BlackElo "2115"]

1.e4 c5 2.Nf3 d6 3.Bb5+ Nc6 4.Bxc6+ bxc6 5.d3 g6 6.O-O Bg7 7.c4 Nf6 8.Nc3 O-O
9.h3 e5 10.Bg5 h6 11.Be3 Nh5 12.Qd2 g5 13.Ne1 Nf4 14.Bxf4 exf4 15.Nf3 h5
16.Ne2 Qf6 17.h4 g4 18.Ng5 Qxb2 19.Qxb2 Bxb2 20.Nxf4 Bxa1 21.Rxa1 Rb8 22.e5 dxe5
23.Nxh5 Bf5 24.Ne4 Bxe4 25.Nf6+ Kg7 26.Nxe4 Rb2 27.Nxc5 Rd8 28.Re1 Kf6 29.a4 Kf5
30.Kh2 f6 31.Kg3 Rdb8 32.Re4 Rg8 33.Re1 a5 34.Re4 Rd2 35.Re3 Rb8 36.Ne4 Ra2
37.Nc5 Rbb2 38.Ne4 Rc2 39.h5 Rab2 40.Kh4 Ke6 41.h6 Rb8 42.Kh5 Rcb2 43.Re1 Rf8
44.h7 f5 45.Nc5+ Kf7 46.Rxe5 Rxf2 47.Ne6 Rh8 48.Ng5+ Kf8 49.Kg6 Rxg2 50.Ne6+ Ke7
51.Nf4+ Kd6 52.Re6+ Kd7 53.c5 Rh2 54.Rd6+ Kc7 55.Ne6+ Kb7 56.Rd7+ Kb8 57.Kxf5 R8xh7
58.Rxh7 Rxh7 59.Kxg4 Kb7 60.Kf4 Rh4+ 61.Ke5 Rxa4 62.Kd6 Rh4 63.Nd8+ Kc8 64.Nxc6 Rh6+
65.Kd5 a4 66.Na7+ Kb7 67.Nb5 Rh4 68.d4 Rh3 69.Kc4 a3 70.Nc3 Kc6 71.d5+ Kd7
72.Kb4 Rg3  1/2-1/2

[Event "BUL-ch"]
[Site "Sofia"]
[Date "1982.??.??"]
[Round "7"]
[White "Radev, Nikolai"]
[Black "Georgiev, Kiril"]
[Result "1/2-1/2"]
[WhiteElo "2345"]
[BlackElo "2380"]

1.e4 c5 2.Nf3 d6 3.Bb5+ Bd7 4.Bxd7+ Qxd7 5.O-O e6 6.c3 Nf6 7.Re1 Nc6 8.d4 cxd4
9.cxd4 d5 10.e5 Ne4 11.a3 Be7 12.Nbd2 Nxd2 13.Bxd2 O-O 14.b4 b5 15.Qe2 a5
16.Qxb5 axb4 17.axb4 Nxe5 18.Qxd7 Nxd7 19.Kf1 Nb6 20.Ne5 Bd6 21.Ke2 Bxe5
22.dxe5 Nc4 23.Bc3 Rfb8 24.Kd3 Kf8 25.f4 Ke7 26.g4 Kd7 27.h4 Kc6 28.f5 Nb6
29.Bd4 Nc4 30.Bc3 Ra3 31.Rxa3 Nxa3 32.fxe6 fxe6 33.Rf1 Nb5 34.Rf7 Ra8 35.Bb2 Ra7
36.Rf8 Ra4 37.Rf4 Nc7 38.Kc2 Na6 39.Rf7 Rxb4 40.Rxg7 Nc5 41.Ba3 Rc4+ 42.Kd1 Nd3
43.Re7  1/2-1/2

[Event "BUL-ch (Women)"]
[Site "Sofia"]
[Date "1982.??.??"]
[Round "11"]
[White "Zlatanova, Emilia"]
[Black "Savova, Stefka"]
[Result "1/2-1/2"]
[WhiteElo "2060"]
[BlackElo "2010"]

1.e4 c5 2.Nf3 d6 3.Bb5+ Nd7 4.d4 cxd4 5.Qxd4 Qa5+ 6.Nc3 a6 7.Bxd7+ Bxd7 8.O-O e5
9.Qd3 Rc8 10.Be3 Be6 11.Rfd1 h6 12.Ne1 Nf6 13.h3 Be7 14.Nd5 Bxd5 15.exd5 O-O
16.f4 e4 17.Qd2 Qxd2 18.Rxd2 Nd7 19.f5 Bf6 20.c3 Rfe8 21.Bf4 Be5 22.Bxe5 Rxe5
23.g4 Nf6 24.Rad1 Rc5 25.Ng2 Rcxd5 26.Ne3 Rxd2 27.Rxd2 d5 28.Rd4 Kf8 29.Kf2 g5
30.fxg6 fxg6 31.Kg3 g5 32.Kf2 Kf7 33.Rb4 b5 34.a4 bxa4 35.Rxa4 Re6 36.Rb4 Kg6
37.Rd4 Rb6 38.b4 Rb5 39.Nf5 h5 40.Ne3 hxg4 41.hxg4 a5 42.bxa5 Rxa5 43.c4 Ra2+
44.Kg3 Ra4 45.Nxd5 Nxd5 46.Rxd5 Rxc4 47.Re5 Rc3+ 48.Kg2 Re3  1/2-1/2

[Event "Surakarta/Denpasar"]
[Site "Surakarta"]
[Date "1982.??.??"]
[Round "4"]
[White "Kurajica, Bojan"]
[Black "Gheorghiu, Florin"]
[Result "1/2-1/2"]
[WhiteElo "2510"]
[BlackElo "2550"]

1.e4 c5 2.Nf3 d6 3.Bb5+ Bd7 4.Bxd7+ Qxd7 5.O-O Nc6 6.Re1 Nf6 7.d4 cxd4 8.Nxd4 e6
9.b3 Be7 10.Bb2 O-O 11.c4 a6 12.Nd2 Nxd4 13.Bxd4 b5  1/2-1/2

[Event "Surakarta/Denpasar"]
[Site "Surakarta"]
[Date "1982.??.??"]
[Round "4"]
[White "Maninang, Rafaelito"]
[Black "Browne, Walter S"]
[Result "0-1"]
[WhiteElo "2385"]
[BlackElo "2585"]

1.e4 c5 2.Nf3 d6 3.Bb5+ Nc6 4.d4 cxd4 5.Qxd4 Bd7 6.Bxc6 Bxc6 7.Nc3 Nf6 8.Bg5 e6
9.O-O-O Be7 10.Rhe1 O-O 11.Kb1 Qc7 12.Qd2 Rfd8 13.Nd4 Rab8 14.f3 b5 15.Nxc6 Qxc6
16.Ne2 Qc5 17.Be3 Qc7 18.g4 d5 19.e5 Nd7 20.f4 Nb6 21.Bxb6 Rxb6 22.Nd4 Rc8
23.f5 Ra6 24.h3 b4 25.Nb3 Bg5 26.Qd3 Qc4 27.Re2 h6 28.Rf1 Rac6 29.Rf3 Qxd3
30.Rxd3 Rb6 31.Nd4 a5 32.a4 Be7 33.Ka2 Ra6 34.Kb3 Rc4 35.Rf2 Bc5 36.Rf4 Ba7
37.h4 Bb8 38.Re3 Ba7 39.Rd3 Bc5 40.Ne2 Rxf4 41.Nxf4 Rc6 42.g5 hxg5 43.hxg5 exf5
44.Rxd5 Be3 45.Ng2 Bxg5 46.Rxa5 Bh6 47.Rb5 f4 48.Ne1 g5 49.a5 Bf8 50.e6 f6
51.Rb6 Rxb6 52.axb6 g4 53.Kc4 f3 54.Nxf3 gxf3 55.Kd5 f2 56.b7 f1=Q 57.b8=Q Qf5+
58.Kd4 Qc5+  0-1

[Event "Surakarta/Denpasar"]
[Site "Surakarta"]
[Date "1982.??.??"]
[Round "21"]
[White "Radulov, Ivan"]
[Black "Miles, Anthony J"]
[Result "0-1"]
[WhiteElo "2505"]
[BlackElo "2575"]

1.e4 c5 2.Nf3 d6 3.Bb5+ Bd7 4.Bxd7+ Nxd7 5.O-O Ngf6 6.Qe2 e6 7.c3 Be7 8.d4 O-O
9.Bg5 h6 10.Bh4 Rc8 11.Nbd2 cxd4 12.Nxd4 Qb6 13.Rab1 Nc5 14.Kh1 Rfe8 15.Bg3 e5
16.Nf5 Bf8 17.Bh4 d5 18.Bxf6 Qxf6 19.Ne3 dxe4 20.b4 Na4 21.Nxe4 Qc6 22.Qg4 Nxc3
23.Nxc3 Qxc3 24.Rfd1 Red8 25.h3 Rd4 26.Rxd4 exd4 27.Nf5 g6 28.Nxd4 Rc4 29.Rd1 Bg7
30.Nb5 Qxb4 31.Qd7 Re4 32.g3 Qa4 33.Rc1 Kh7 34.Qxb7 Rb4 35.Qxa7 Qxb5 36.Qxf7 Rb2
37.Kg1 h5 38.g4 hxg4 39.hxg4 Rb4 40.Qf3 Qg5 41.Qh3+ Qh6 42.Kg2 Qxh3+ 43.Kxh3 Be5
44.Kh4 Ra4 45.f3 Bf4 46.Rc5 g5+ 47.Kh3 Ra3  0-1

[Event "Reti mem"]
[Site "Trnava"]
[Date "1982.??.??"]
[Round "4"]
[White "Franzen, Josef"]
[Black "Barczay, Laszlo"]
[Result "1-0"]
[WhiteElo "2370"]
[BlackElo "2445"]

1.e4 c5 2.Nf3 d6 3.Bb5+ Nc6 4.O-O Bd7 5.c3 Nf6 6.Re1 a6 7.Ba4 b5 8.Bc2 e5
9.h3 Qc7 10.d4 cxd4 11.cxd4 Be7 12.Nc3 O-O 13.Nd5 Nxd5 14.exd5 Nb4 15.Bb1 e4
16.Bxe4 f5 17.Bb1 Nxd5 18.a3 Bc6 19.Ba2 Rae8 20.Bg5 Ba8 21.Qe2 Kh8 22.Bxd5 Bxd5
23.Bxe7 Rf7 24.Bxd6 Rxe2 25.Bxc7 Rxe1+ 26.Rxe1 Rxc7 27.Re8+ Bg8 28.Ne5 g6
29.d5  1-0

[Event "Reti mem"]
[Site "Trnava"]
[Date "1982.??.??"]
[Round "10"]
[White "Ambroz, Jan"]
[Black "Barczay, Laszlo"]
[Result "1/2-1/2"]
[WhiteElo "2430"]
[BlackElo "2445"]

1.e4 c5 2.Nf3 d6 3.Bb5+ Nc6 4.O-O Bd7 5.c3 Nf6 6.Re1 a6 7.Ba4 b5 8.Bc2 e5
9.a4 Rb8 10.axb5 axb5 11.h3 Be7 12.d4 cxd4 13.cxd4 O-O 14.Be3 Re8 15.Nbd2 Ra8  1/2-1/2

[Event "Reti mem"]
[Site "Trnava"]
[Date "1982.??.??"]
[Round "11"]
[White "Franzen, Josef"]
[Black "Hausner, Ivan"]
[Result "1-0"]
[WhiteElo "2370"]
[BlackElo "2435"]

1.e4 c5 2.Nf3 d6 3.Bb5+ Nd7 4.d4 Nf6 5.Nc3 cxd4 6.Qxd4 g6 7.Bg5 Bg7 8.O-O O-O
9.Bxd7 Bxd7 10.Qd2 Rc8 11.Rfe1 Re8 12.Rad1 Bc6 13.Nd4 Qb6 14.b3 Bd7 15.Bxf6 Bxf6
16.Nce2 a5 17.a4 Bc6 18.Qd3 d5 19.exd5 Bxd5 20.c4 Bc6 21.Nxc6 bxc6 22.Ng3 Rb8
23.Ne4 Red8 24.Nxf6+ exf6 25.Qg3 Rxd1 26.Rxd1 Kg7 27.Rd3 Rd8 28.h3 h5 29.c5 Qb8
30.Rd6 Rxd6 31.cxd6 Qd8 32.Qd3 Kf8 33.Qd4 Ke8 34.b4 Kd7 35.bxa5 Qxa5 36.g3 Qe5
37.Qa7+ Kxd6 38.Qxf7 Kc5 39.Qxg6 Kb4 40.g4 h4 41.Qd3 c5 42.Qb5+ Ka3 43.a5 Qe1+
44.Qf1 Qxa5 45.Qa1+ Kb4 46.Qxf6 c4 47.Qb2+ Ka4 48.Qa1+ Kb4 49.Qb2+ Ka4 50.Qa1+ Kb4
51.Qxa5+ Kxa5 52.Kf1 Kb4 53.Ke2 Ka3 54.g5 c3 55.g6 c2 56.g7 c1=Q 57.g8=Q Qc2+
58.Kf1 Qb1+ 59.Kg2 Qe4+ 60.Kh2 Qe5+ 61.Kh1 Qe4+ 62.Qg2 Qb1+ 63.Kh2 Qb8+ 64.Kg1 Qb1+
65.Qf1 Qg6+ 66.Kh2 Qd6+ 67.f4 Qf6 68.Qc4 Qb2+ 69.Kg1 Qb1+ 70.Kf2 Qf5 71.Qc3+ Ka4
72.Qe3 Qg6 73.Ke2 Kb4 74.Qd4+ Ka5 75.Qd8+ Kb4 76.Qxh4 Qc2+ 77.Kf3 Qd1+ 78.Ke4 Qc2+
79.Ke5 Qc7+ 80.Kf5 Qc8+ 81.Kg5 Qg8+ 82.Kh5 Qe8+ 83.Kg4 Qe2+ 84.Kf5 Qd3+ 85.Ke5 Qc3+
86.Ke4 Qc6+ 87.Ke3 Qc3+ 88.Kf2 Qd2+ 89.Kf1 Qd3+ 90.Kg2 Qd5+ 91.Kg3 Qd3+ 92.Kg4 Qd1+
93.Kg5 Qd8+ 94.Kh5 Qe8+ 95.Kg4 Qe2+ 96.Kf5 Qd3+ 97.Ke6 Qc4+ 98.Kf6 Qd4+ 99.Kg6 Qe4+
100.Kg7 Qd4+ 101.Kf8 Ka4 102.Qg4 Qf6+ 103.Kg8 Qd8+ 104.Kf7 Qc7+ 105.Kg6 Qd6+
106.Kh5 Qf6 107.f5+ Ka5 108.Qg6 Qh8+ 109.Kg4 Qd4+ 110.Kg5 Qe3+ 111.Kh4 Qf2+
112.Kh5 Qe2+ 113.Kh6 Qe3+ 114.Qg5 Qxh3+ 115.Kg7 Qc3+ 116.f6+ Ka4 117.Qf5 Qg3+
118.Qg6 Qe5 119.Qg4+ Ka3 120.Kg6 Qd6 121.Qe4 Qg3+ 122.Kf7 Qh2 123.Kf8 Qh6+
124.Ke7 Qg5 125.Qf3+ Kb2 126.Kd7 Qb5+ 127.Qc6 Qb3 128.Qg2+ Ka3 129.Qe4 Qb5+
130.Qc6 Qf5+ 131.Kc7 Kb2 132.Qd6 Ka2 133.Kd8 Qg5 134.Qe6+ Ka1 135.Ke8 Qb5+
136.Ke7 Qc5+ 137.Ke8 Qb5+ 138.Kf7 Qh5+ 139.Kg7 Qg5+ 140.Kf8 Qc5+ 141.Qe7 Qc8+
142.Qe8 Qc5+ 143.Kg7 Qg5+ 144.Qg6 Qe5 145.Qd3 Qg5+ 146.Kf7 Qh5+ 147.Kf8 Qc5+
148.Kg7 Qg5+ 149.Qg6 Qe5 150.Qg1+ Ka2 151.Qa7+ Kb2 152.Qb6+ Ka1 153.Kf8 Qe4
154.f7 Qe5 155.Qg1+ Ka2 156.Qg2+ Ka3 157.Kg8 Qe6 158.Qf3+ Ka2 159.Kh7 Qd7
160.Kh8 Qd4+ 161.Kh7 Qd7 162.Qg2+ Ka3 163.Qg6 Ka2 164.Kg8 Qd5 165.Qa6+ Kb1
166.Qb6+ Ka2 167.Kf8 Qe5 168.Qc6 Ka3 169.Kg8 Qg5+ 170.Kh7 Qh5+ 171.Kg7 Qe5+
172.Qf6 Qg3+ 173.Qg6 Qe5+ 174.Kh7 Qc7 175.Qd3+ Ka2 176.Kg8  1-0

[Event "Vinkovci"]
[Site "Vinkovci"]
[Date "1982.??.??"]
[Round "3"]
[White "Chiburdanidze, Maia"]
[Black "Gufeld, Eduard"]
[Result "1/2-1/2"]
[WhiteElo "2390"]
[BlackElo "2485"]

1.e4 c5 2.Nf3 d6 3.Bb5+ Bd7 4.Bxd7+ Qxd7 5.O-O Nc6 6.c3 Nf6 7.Re1 e6 8.d4 cxd4
9.cxd4 d5 10.e5 Ne4 11.Nbd2 Nxd2 12.Bxd2 Be7 13.Bg5 Bxg5 14.Nxg5 h6 15.Nf3 O-O
16.Qd2 Rfc8 17.Rec1 Ne7  1/2-1/2

[Event "Vrnjacka Banja"]
[Site "Vrnjacka Banja"]
[Date "1982.??.??"]
[Round "2"]
[White "Kostic, Vladimir"]
[Black "Tringov, Georgi P"]
[Result "0-1"]
[WhiteElo "2265"]
[BlackElo "2485"]

1.e4 c5 2.Nf3 d6 3.Bb5+ Nc6 4.O-O Bd7 5.Re1 a6 6.Bf1 Bg4 7.h3 Bxf3 8.Qxf3 g6
9.Nc3 Bg7 10.b3 e6 11.Bb2 Nge7 12.Nd1 Nd4 13.Qd3 O-O 14.Bxd4 cxd4 15.c3 Nc6
16.Rc1 d5 17.cxd4 dxe4 18.Qxe4 Bxd4 19.Ne3 Qb6 20.Qh4 Rad8 21.Ng4 Bg7 22.d3 Qa5
23.a4 Nd4 24.b4 Qxb4 25.Rb1 Qa5 26.Qe7 b5 27.axb5 axb5 28.Rec1 Rfe8 29.Qg5 Qb6
30.h4 Qd6 31.h5 Qe7 32.Qxe7 Rxe7 33.h6 Bh8 34.Rb4 Rb7 35.Rc5 Kf8 36.Ne3 Ke7
37.g3 Kd6 38.Rc1 Rc7 39.Ra1 Nf3+ 40.Kg2 Bxa1 41.Kxf3 Kc5 42.Nc2 Kb6 43.Nxa1 Rc1  0-1

[Event "Vrnjacka Banja"]
[Site "Vrnjacka Banja"]
[Date "1982.??.??"]
[Round "3"]
[White "Jansa, Vlastimil"]
[Black "Rajkovic, Dusan"]
[Result "1/2-1/2"]
[WhiteElo "2475"]
[BlackElo "2460"]

1.e4 c5 2.Nf3 d6 3.Bb5+ Bd7 4.Bxd7+ Qxd7 5.c4 Nc6 6.d4 cxd4 7.Nxd4 g6 8.Nc3 Bg7
9.Be3 Nf6 10.f3 O-O 11.O-O Rac8 12.Nde2 Qc7 13.Rc1  1/2-1/2

[Event "Yerevan zt"]
[Site "Yerevan"]
[Date "1982.??.??"]
[Round "1"]
[White "Romanishin, Oleg M"]
[Black "Kupreichik, Viktor D"]
[Result "1/2-1/2"]
[WhiteElo "2580"]
[BlackElo "2570"]

1.e4 c5 2.Nf3 d6 3.Bb5+ Bd7 4.c4 Nf6 5.Nc3 Bxb5 6.cxb5 g6 7.O-O Bg7 8.d4 cxd4
9.Nxd4 Nbd7 10.Qe2 O-O 11.Rd1 Qc7 12.Be3 Ne5 13.Rac1 Rfc8 14.h3 Qa5 15.Nb3 Qd8
16.Bd4 Nh5 17.g3 e6 18.Kg2 Nc4 19.Kh2 Qe7 20.f4 Bxd4 21.Rxd4 Nb6 22.Rd3 Rc7  1/2-1/2

[Event "Yerevan"]
[Site "Yerevan"]
[Date "1982.??.??"]
[Round "8"]
[White "Georgiev, Krum"]
[Black "Robatsch, Karl"]
[Result "1/2-1/2"]
[WhiteElo "2465"]
[BlackElo "2415"]

1.e4 c5 2.Nf3 d6 3.Bb5+ Bd7 4.Bxd7+ Nxd7 5.O-O Ngf6 6.Re1 e6 7.b3 Be7 8.Bb2 O-O
9.d4 cxd4 10.Nxd4 Nc5 11.Nc3 Rc8 12.Qf3 Ncd7 13.Rad1 a6 14.Qh3  1/2-1/2

[Event "Yerevan"]
[Site "Yerevan"]
[Date "1982.??.??"]
[Round "10"]
[White "Grigorian, Karen Ashotovich"]
[Black "Savon, Vladimir A"]
[Result "1/2-1/2"]
[WhiteElo "2415"]
[BlackElo "2485"]

1.e4 c5 2.Nf3 d6 3.Bb5+ Bd7 4.Bxd7+ Qxd7 5.c4 Nf6 6.Nc3 Nc6 7.d4 cxd4 8.Nxd4 Qg4
9.O-O Qxd1 10.Rxd1 Nxd4 11.Rxd4 a6 12.Bg5 Nd7 13.Nd5 Rc8 14.b3 g6 15.Rd2 h6
16.Be3 Bg7 17.Rad1  1/2-1/2